00460nam a22001457a 450000500170000000800410001702000180005804100120007608200120008810000120010024501070011226000420021930000280026165000250028920240812064101.0240812b |||||||| |||| 00| 0 eng d a9780639005508 aEnglish a349 SOU lEnglish aButterworths Index and Noter-up to the All South African Law Reports and the South African Law Reports aDurban:bLexisNexis (Pty) Ltd, c2019 bx, 330 pages; c25 cm.  aLegal practice bLaw